[Event "9th Open"]
[Site "La Fere FRA"]
[Date "2010.07.10"]
[Round "9"]
[White "Fomichenko,S"]
[Black "Deneuville,L"]
[Result "1-0"]
[WhiteElo "2217"]
[BlackElo "1968"]

1.e4 d6 2.d4 Nf6 3.Nc3 e5 4.Nf3 Bg4 5.dxe5 Bxf3 6.Qxf3 dxe5 7.Bg5 Be7 8.Rd1 Nbd7
9.g3 Qb8 10.Bh3 Nb6 11.a4 a5 12.O-O h6 13.Bxf6 Bxf6 14.Nd5 Nxd5 15.Rxd5 O-O
16.Rfd1 Qa7 17.Qc3 c6 18.Rd7 Qb6 19.Bf1 Rad8 20.Bc4 c5 21.b3 Kh8 22.Qf3 Qc6
23.Qg4 Qc8 24.Rxd8 Rxd8 25.Rxd8+ Qxd8 26.Bxf7 b6 27.Bd5 Qe7 28.Qc8+ Qd8 29.Qe6 Kh7
30.h4 h5 31.Kg2 g6 32.f4 exf4 33.e5 Be7 34.Qf7+ Kh8 35.gxf4 Bxh4 36.c4 g5
37.Qxh5+ Kg7 38.Qf7+ Kh8 39.f5  1-0

[Event "Sparkassen Open"]
[Site "Nettetal GER"]
[Date "2010.07.10"]
[Round "8"]
[White "Herbold,M"]
[Black "Sturm,T"]
[Result "1/2-1/2"]
[WhiteElo "2172"]
[BlackElo "2037"]

1.e4 d6 2.d4 Nf6 3.Nc3 c6 4.Nf3 Bg4 5.Be2 e6 6.Bg5 Be7 7.e5 dxe5 8.dxe5 Nd5
9.Bxe7 Qxe7 10.Qd4 Qb4 11.Qxb4 Nxb4 12.O-O-O Nd7 13.Rd4 Bxf3 14.Rxb4 Bxe2
15.Nxe2 O-O-O 16.f4 g5 17.g3 Rhg8 18.Nc3 gxf4 19.Rxf4 Nxe5 20.Re1 Rg5 21.Ne4 Rg7
22.Nf6 Nd7 23.Ne4 Nb6 24.Ref1 f5 25.Nc5 Re7 26.Re1 Rde8 27.b3 Nd7 28.Nd3 Nf6
29.Ne5 Nd7 30.Nc4  1/2-1/2

[Event "Sparkassen Open"]
[Site "Nettetal GER"]
[Date "2010.07.10"]
[Round "8"]
[White "Boonen,P"]
[Black "Rothkugel,W"]
[Result "1-0"]
[WhiteElo "2056"]
[BlackElo "2001"]

1.e4 d6 2.d4 Nf6 3.Nc3 Nbd7 4.f4 e5 5.Nf3 exd4 6.Qxd4 c6 7.Be3 Be7 8.O-O-O O-O
9.h3 Qb6 10.Qd2 Qa5 11.Kb1 Rd8 12.g4 b5 13.Nd5 Qxd2 14.Nxe7+ Kf8 15.Nxd2 Kxe7
16.g5 Nh5 17.Rg1 Nc5 18.Be2 g6 19.Bxh5 gxh5 20.f5 Rg8 21.h4 b4 22.Bxc5 dxc5
23.Nb3 Rb8 24.Nxc5 Rb5 25.Nd3 Rd8 26.Rde1 Rd4 27.Kc1 Ra5 28.Kb1 Ba6 29.Rg3 c5
30.Nf4 b3 31.axb3 c4 32.b4 Re5 33.g6 Rd8 34.g7 Rg8 35.Nxh5 f6 36.Ra3 Bc8
37.Rxa7+ Kd6 38.Nxf6  1-0

[Event "3rd Open"]
[Site "Paracin SRB"]
[Date "2010.07.10"]
[Round "3"]
[White "Nestorovic,L"]
[Black "Janev,E"]
[Result "0-1"]
[WhiteElo "2310"]
[BlackElo "2463"]

1.e4 d6 2.d4 Nf6 3.Nc3 e5 4.Nf3 Nbd7 5.Bc4 Be7 6.O-O O-O 7.Re1 c6 8.a4 exd4
9.Nxd4 Ne5 10.Bb3 Re8 11.h3 Bf8 12.Bf4 Nfd7 13.a5 Nc5 14.Ba2 Qf6 15.Bg3 Bd7
16.Nb3 Ne6 17.Nd2 Rad8 18.Nc4 Nf4 19.Ne3 g5 20.Ng4 Qg6 21.f3 Bxg4 22.hxg4 h5
23.gxh5 Nxh5 24.Bf2 g4 25.fxg4 Nf6 26.Bh4 d5 27.exd5 Bc5+ 28.Kh1 Nfxg4 29.Ne4 Qh7
30.g3 Be7 31.Qe2 Bxh4 32.gxh4 cxd5 33.Qg2 Qxh4+ 34.Kg1 dxe4 35.Rxe4 Nf3+
36.Qxf3 Rxe4  0-1

[Event "1st Open"]
[Site "Vaujany FRA"]
[Date "2010.07.10"]
[Round "1"]
[White "Degrave,J"]
[Black "Kukov,V"]
[Result "0-1"]
[WhiteElo "2003"]
[BlackElo "2381"]

1.d4 d6 2.e4 Nf6 3.Nc3 c6 4.Nge2 e5 5.dxe5 dxe5 6.Qxd8+ Kxd8 7.Bg5 Nd7 8.O-O-O Kc7
9.f3 Bc5 10.g4 h5 11.gxh5 Nxh5 12.Bh3 b5 13.Rd3 f6 14.Rhd1 Nb6 15.Bxc8 Raxc8
16.Be3 Bxe3+ 17.Rxe3 b4 18.Nb1 Nf4 19.Nxf4 exf4 20.Re2 Rh3 21.Nd2 Nd7 22.Nc4 Re8
23.Red2 Nc5 24.Rf2 Reh8 25.Rdd2 Ne6 26.e5 Ng5 27.exf6 gxf6 28.Rfe2 R8h7 29.Rd6 Rxf3
30.b3 Rf1+ 31.Kb2 f3 32.Red2 Ne4 33.Ne3 Nxd2 34.Rxd2 Re1 35.Ng4 Re2 36.Rd3 f5
37.Nf6 f2 38.Rf3 Rxh2  0-1

[Event "ch-SCO"]
[Site "Hamilton SCO"]
[Date "2010.07.11"]
[Round "1"]
[White "Oswald,D"]
[Black "Berry,N"]
[Result "1-0"]
[WhiteElo "1990"]
[BlackElo "2343"]

1.e4 d6 2.d4 Nf6 3.Nc3 e5 4.Nf3 Nbd7 5.g4 Nxg4 6.Rg1 Ngf6 7.Bc4 h6 8.Be3 c6
9.dxe5 dxe5 10.Qe2 b5 11.Bb3 Qa5 12.O-O-O Ba6 13.Nb1 b4 14.Bc4 Bxc4 15.Qxc4 Qb5
16.Nbd2 a5 17.Qd3 Qxd3 18.cxd3 Nh5 19.Nc4 Nf4 20.Kb1 f6 21.Bxf4 exf4 22.Nd4 c5
23.Ne6 Kf7 24.Nxf4 Ne5 25.Nxe5+ fxe5 26.Ng6 Rg8 27.Nxe5+ Ke6 28.Nc4 Be7 29.f4 g6
30.Rg2 Raf8 31.Rdg1 Rxf4 32.Rxg6+ Rxg6 33.Rxg6+ Kf7 34.Rxh6 a4 35.Ra6 Rf1+
36.Kc2 Rf2+ 37.Kd1 Rxh2 38.Rxa4 Bf6 39.e5 Be7 40.Ra6 Rg2 41.a4 bxa3 42.bxa3 Bg5
43.Rc6 Be7 44.a4 Ke8 45.Rc7 Kd8 46.Rb7 Bg5 47.Rb2 Rg3 48.Ke2 Kc7 49.a5 Bf4
50.Rb5 Kc6 51.Rb6+ Kc7 52.Rb3 Rg8 53.Kf3 Bg5 54.Ke4 Rd8 55.Rb5 Be7 56.Rb3 Bh4
57.Ra3 Be1 58.a6 Bb4 59.Ra2 Kc6 60.a7 Ra8 61.Kf5 Be1 62.Ke6 Bh4 63.Kf7 Kb7
64.e6 Rxa7 65.Rxa7+ Kxa7 66.Nd6 Kb6 67.Ne4 Kc6 68.Nf6  1-0

[Event "Sparkassen Open"]
[Site "Nettetal GER"]
[Date "2010.07.11"]
[Round "9"]
[White "Van der Grinten,B"]
[Black "Sturm,F"]
[Result "0-1"]
[WhiteElo "1938"]
[BlackElo "1991"]

1.e4 d6 2.d4 Nf6 3.Nc3 c6 4.f3 Qa5 5.Be3 e5 6.Ne2 Be7 7.Nc1 Nbd7 8.a4 O-O
9.Be2 Nh5 10.O-O Nf4 11.Nd3 Nxd3 12.Bxd3 Nf6 13.Qe1 Qc7 14.Qf2 Nh5 15.dxe5 dxe5
16.Bxa7 Bb4 17.Na2 Be7 18.Bb6 Qd6 19.Nc3 Nf4 20.Rfd1 Qg6 21.Qg3 Qh6 22.Qe1 Qg6
23.Bf1 Be6 24.Ne2 Nh5 25.Qc3 Qg5 26.Bc7 Bf6 27.Qd2 Qg6 28.Qc3 Qg5 29.Kh1 Rac8
30.Bb6 c5 31.a5 Nf4 32.Qe3 Bc4 33.Ra3 Bxe2  0-1

[Event "ch-SCO"]
[Site "Hamilton SCO"]
[Date "2010.07.12"]
[Round "2"]
[White "Sreeves,C"]
[Black "Greet,A"]
[Result "0-1"]
[WhiteElo "2085"]
[BlackElo "2451"]

1.e4 d6 2.d4 Nf6 3.Nc3 e5 4.Nf3 Nbd7 5.g4 d5 6.Nxd5 Nxd5 7.exd5 e4 8.Ne5 Bd6
9.Bb5 O-O 10.Bxd7 Bxd7 11.Qe2 Re8 12.Be3 Bc8 13.O-O-O f6 14.Nc4 Bf8 15.d6 cxd6
16.d5 Bd7 17.Nd2 Qa5 18.Nb1 Qxa2 19.Rhg1 Rac8 20.Bd4 b5 21.Nc3 Qa1+ 22.Kd2 Qxb2
23.Rb1 Qa3 24.Rb3 Qa5 25.Qe3 b4 26.Nxe4 Qxd5 27.f3 Qc4 28.Rb2 d5 29.g5 f5
30.Nf6+ gxf6 31.gxf6+ Kf7 32.Qf4 Bh6 33.Rg7+ Bxg7  0-1

[Event "ch-SCO"]
[Site "Hamilton SCO"]
[Date "2010.07.12"]
[Round "3"]
[White "Malhotra,Tarun"]
[Black "Berry,N"]
[Result "0-1"]
[WhiteElo "1838"]
[BlackElo "2343"]

1.e4 d6 2.d4 Nf6 3.Nc3 e5 4.Nf3 Nbd7 5.Bc4 Be7 6.O-O O-O 7.Re1 c6 8.a4 a5
9.b3 Nb6 10.Bd3 Bg4 11.dxe5 dxe5 12.Bb2 Nfd7 13.h3 Bh5 14.Qe2 Qc7 15.Nd1 Bb4
16.c3 Bd6 17.Ne3 Nc5 18.Bc2 Ne6 19.Nf5 Ng5 20.Kh2 Nxf3+ 21.gxf3 Rfd8 22.Rg1 Bg6
23.Ne3 Nd7 24.Nc4 Nf8 25.Bc1 Ne6 26.Be3 Bc5 27.Nb2 Qe7 28.Nd3 Bd6 29.Nb2 Bc7
30.Rg3 Nf4 31.Bxf4 exf4 32.Rgg1 Be5 33.Nd3 Bxc3 34.Rad1 f6 35.Rg2 Bf7 36.Rdg1 g6
37.Kh1 Be5 38.Rg4 Qd6 39.h4 b5 40.Qf1 Be6 41.R4g2 Kf7 42.Rh2 bxa4 43.bxa4 Rab8
44.Qg2 Bc4 45.Nxe5+ Qxe5 46.Rc1 Rd2 47.Bb1 Rbd8 48.Qg1 Be2  0-1

[Event "I Open"]
[Site "Girona ESP"]
[Date "2010.07.13"]
[Round "1"]
[White "Salagran Ferragut,Eduard"]
[Black "Mundet Riera,Ja"]
[Result "0-1"]
[WhiteElo "1533"]
[BlackElo "2147"]

1.e4 d6 2.d4 Nf6 3.Nc3 e5 4.dxe5 dxe5 5.Qxd8+ Kxd8 6.Bg5 Be6 7.O-O-O+ Ke8
8.Nf3 Bd6 9.Nb5 Nxe4 10.Nxd6+ cxd6 11.Bb5+ Nc6 12.Bh4 f6 13.Rhe1 d5 14.c4 Nd6
15.Ba4 Nxc4 16.Re2 Nb6 17.Bxc6+ bxc6 18.Rde1 Nd7 19.Bg3 Kf7 20.Nh4 g5 21.Nf3 Bg4
22.Re3 Rhe8 23.h3 Bxf3 24.Rxf3 d4 25.h4 h6 26.Kd2 c5 27.Kd3 Ke6 28.Ke4 c4
29.Ra3 a5 30.Rc1 Rec8 31.hxg5 hxg5 32.Bh2 g4 33.f4 f5+  0-1

[Event "ch-SUI"]
[Site "Lenzerheide SUI"]
[Date "2010.07.13"]
[Round "6"]
[White "Kosteniuk,A"]
[Black "Kurmann,O"]
[Result "1-0"]
[WhiteElo "2519"]
[BlackElo "2449"]

1.e4 d6 2.d4 Nf6 3.Nc3 e5 4.dxe5 dxe5 5.Qxd8+ Kxd8 6.Bc4 Ke8 7.Nf3 Nbd7 8.Ng5 h6
9.Nxf7 Rh7 10.Nb5 Bb4+ 11.Bd2 Bxd2+ 12.Kxd2 Ke7 13.Nxc7 Rb8 14.f4 b5 15.Nxb5 Rxb5
16.Bxb5 Kxf7 17.Bxd7 Bxd7 18.fxe5 Ng4 19.Raf1+ Ke7 20.c4 a5 21.Kc3 Rh8 22.h3 Nxe5
23.Rd1 Be6 24.b3 h5 25.Rhe1 Rf8 26.Rf1 Re8 27.Rd2 h4 28.Kd4 Rd8+ 29.Ke3 Rg8
30.c5 a4 31.Kd4 Rd8+ 32.Kc3 Rxd2 33.Kxd2 axb3 34.axb3 Bxb3 35.Rf5 Nf7 36.Kc3 Be6
37.Rf1 Ne5 38.Rd1 g5 39.Rd6 g4 40.hxg4 Nxg4 41.Kd4 Nf6 42.Ra6 h3 43.Ra7+ Kd8
44.gxh3 Bxh3 45.c6 Nxe4 46.Kxe4 Bg2+ 47.Ke5 Bxc6 48.Kd6 Be4 49.Ra4 Bb7 50.Rh4  1-0

[Event "3rd Open"]
[Site "Paracin SRB"]
[Date "2010.07.13"]
[Round "5"]
[White "Kolbert,E"]
[Black "Bargan,Se"]
[Result "1/2-1/2"]
[WhiteElo "2129"]
[BlackElo "2331"]

1.e4 d6 2.d4 Nf6 3.Nc3 e5 4.Nf3 Nbd7 5.Bc4 Be7 6.h3 c6 7.Bb3 O-O 8.O-O b5
9.a3 a6 10.Re1 Bb7 11.dxe5 dxe5 12.Qe2 Qc7 13.Bg5 Rfe8 14.Rad1 a5 15.a4 b4
16.Nb1 Nc5 17.Nbd2 Ba6 18.Qe3 Rad8 19.Bxf6 gxf6 20.Qh6 Nxb3 21.Nxb3 Rxd1
22.Rxd1 Rd8 23.Re1 Kh8 24.Nh4 Rg8 25.Re3 f5 26.Nxf5 Bg5 27.Qd6 Qxd6 28.Nxd6 Bxe3
29.fxe3 Kg7 30.Nxa5 Kf8 31.Ndc4 f6 32.Nb6 Ke8 33.Kf2 Rg7 34.Nxc6 Bb7 35.Nxb4 Bxe4
36.g3 Rc7 37.c3 Rc5 38.a5 Kd8 39.a6 Kc7 40.Na4 Ra5 41.b3  1/2-1/2

[Event "3rd Open"]
[Site "Paracin SRB"]
[Date "2010.07.13"]
[Round "6"]
[White "Kiroski,T"]
[Black "Adnoy,H"]
[Result "1/2-1/2"]
[WhiteElo "2362"]
[BlackElo "2275"]

1.e4 d6 2.d4 Nf6 3.Nc3 e5 4.dxe5 dxe5 5.Qxd8+ Kxd8 6.Bg5 Bd6 7.O-O-O Nd7
8.Bc4 Ke8 9.Nge2 a6 10.f3 Bc5 11.g4 c6 12.Ng3 h6 13.Bxf6 Nxf6 14.Nf5 Bxf5
15.exf5 b5 16.Bb3 a5 17.a3 Be3+ 18.Kb1 Ke7 19.Rd3 Bd4 20.h4 Rhd8 21.g5 Nh5
22.Ne4 c5 23.Rdd1 c4 24.Ba2 f6 25.a4 bxa4 26.Bxc4 Nf4 27.c3 Bb6 28.Bb5 Ng2
29.Rxd8 Rxd8 30.Bxa4 Ne3 31.gxf6+ gxf6 32.Rg1 Nxf5 33.Rg6 Rf8 34.h5 Be3 35.c4 Nh4
36.Rg7+ Rf7 37.Rg8 Rf8 38.Rg7+ Rf7 39.Rg8 Rf8 40.Rg7+ Rf7  1/2-1/2

[Event "29th Jacques Lemans Open"]
[Site "St Veit SUI"]
[Date "2010.07.13"]
[Round "4"]
[White "Hartl,D"]
[Black "Praznik,N"]
[Result "0-1"]
[WhiteElo "2202"]
[BlackElo "2316"]

1.d4 d6 2.e4 Nf6 3.Nc3 e5 4.Nf3 Nbd7 5.Bc4 Be7 6.O-O O-O 7.h3 c6 8.a4 b6
9.Qe2 a6 10.Rd1 Qc7 11.d5 c5 12.Nh4 g6 13.Bh6 Re8 14.Ra3 Qd8 15.Nf3 Nh5 16.Bc1 Bf6
17.g3 Rf8 18.Nh2 Bg5 19.Bxg5 Qxg5 20.Qd2 Qe7 21.Be2 Ng7 22.Bf3 f5 23.Raa1 Ra7
24.Rf1 Nf6 25.Bg2 Nfh5 26.Rae1 Qd8 27.Qd3 Raf7 28.Nf3 h6 29.Nd2 f4 30.Kh2 Ne8
31.Ne2 Qd7 32.g4 Nhf6 33.f3 Nh7 34.Nc4 Qd8 35.Qb3 Rb7 36.Ra1 h5 37.Qc3 hxg4
38.fxg4 Ng5 39.Ng1 Nf6 40.Bf3 Nfxe4 41.Bxe4 Nxe4 42.Qd3 Ng3 43.Qxg6+ Rg7
44.Qxd6 Nxf1+ 45.Rxf1 Qh4 46.Nxe5 Qg3+ 47.Kh1 Bf5 48.Qxb6 f3 49.Rxf3 Be4
50.Qe6+ Kh7 51.g5 Qxg5 52.Ng4 Bxf3+ 53.Nxf3 Rxf3 54.Qe4+ Qf5 55.Nf6+ Kg6  0-1

[Event "ch-SCO"]
[Site "Hamilton SCO"]
[Date "2010.07.14"]
[Round "5"]
[White "Thomson,Neil"]
[Black "Shaw,J"]
[Result "0-1"]
[WhiteElo "1968"]
[BlackElo "2445"]

1.e4 d6 2.d4 Nf6 3.Nc3 e5 4.Nf3 Nbd7 5.Bc4 Be7 6.O-O O-O 7.Re1 c6 8.a4 a5
9.b3 exd4 10.Nxd4 Nc5 11.Bb2 Qb6 12.Qf3 Ng4 13.Nf5 Bxf5 14.Qxf5 Ne5 15.Bf1 g6
16.Qh3 f5 17.Qg3 f4 18.Qh3 Rae8 19.Nb1 Bf6 20.Nd2 Kg7 21.Bd4 Qc7 22.Bxc5 dxc5
23.Rad1 Rd8 24.Nc4 f3 25.g3 Nxc4 26.Bxc4 Bd4 27.Rd3 Qe5 28.Qe6 Qxe6 29.Bxe6 b5
30.Bg4 h5 31.Bh3 c4 32.bxc4 bxc4 33.Rdd1 Bc3 34.Rxd8 Rxd8 35.Re3 Bd4 36.Rxf3 c3
37.Bf1 Rb8 38.Rd3 c5 39.Rd1 Rb2 40.Bd3 Ra2 41.Rb1 c4 42.Bxc4 Rxc2 43.Kf1 Rxf2+
44.Ke1 c2 45.Rc1 Rxh2 46.Bd3 Bc3+  0-1

[Event "3rd Open"]
[Site "Paracin SRB"]
[Date "2010.07.14"]
[Round "7"]
[White "Pantic,I"]
[Black "Toth,Alek"]
[Result "0-1"]
[WhiteElo "2269"]
[BlackElo "2306"]

1.e4 d6 2.d4 Nf6 3.Nc3 e5 4.Nf3 Nbd7 5.Bc4 Be7 6.O-O O-O 7.h3 c6 8.a4 b6
9.Ba2 Bb7 10.Re1 a6 11.Rb1 b5 12.b4 Qc7 13.Ba3 Rad8 14.Re3 Nb6 15.a5 Nbd7
16.Ne2 c5 17.d5 c4 18.g4 Ne8 19.Ng3 g6 20.Nh2 Ng7 21.Rf3 Rde8 22.Bc1 Qd8
23.Qd2 Kh8 24.Nhf1 Nf6 25.c3 Ng8 26.Rb2 Bc8 27.Bb1 h6 28.Qd1 Bg5 29.Ne3 Nf6
30.Ne2 h5 31.Rg3 Nh7 32.Kh1 Bf4 33.Rg2 Qh4 34.Ng1 Ng5 35.Nf5 gxf5 36.Bxf4 exf4
37.exf5 Nxh3 38.Nxh3 Qxh3+ 39.Rh2 Qxc3 40.Rd2 f6 41.g5 f3 42.g6 Re5 43.Bc2 Rfe8  0-1

[Event "2nd Open"]
[Site "Rethymno GRE"]
[Date "2010.07.14"]
[Round "2"]
[White "Parligras,M"]
[Black "Solberg,J"]
[Result "1-0"]
[WhiteElo "2574"]
[BlackElo "2229"]

1.e4 d6 2.d4 Nf6 3.Nc3 e5 4.Nf3 Nbd7 5.Bc4 Be7 6.O-O O-O 7.Re1 c6 8.a4 b6
9.Be3 a6 10.Ba2 Qc7 11.h3 Rb8 12.Nh4 g6 13.Nf3 Nh5 14.Bh6 Ng7 15.Ng5 exd4
16.Qxd4 Bf6 17.Qd2 b5 18.Qf4 Qd8 19.Rad1 Ne5 20.axb5 axb5 21.Qh4 Be6 22.f4 Nc4
23.Bxc4 bxc4 24.Kh1 Rxb2 25.Bxg7 Bxg5 26.fxg5 Kxg7 27.e5 h5 28.exd6 Rxc2
29.Qd4+  1-0

[Event "Helmut Kohls It"]
[Site "Dortmund GER"]
[Date "2010.07.15"]
[Round "1"]
[White "Voicu,C"]
[Black "Klyuner,V"]
[Result "1/2-1/2"]
[WhiteElo "2346"]
[BlackElo "2443"]

1.e4 d6 2.d4 Nf6 3.Nc3 e5 4.Nge2 c6 5.g3 b5 6.a3 a6 7.Bg2 g6 8.O-O Bg7 9.h3 O-O
10.Be3 Re8 11.d5 Bb7 12.dxc6 Nxc6 13.Qd2 Qc7 14.Rfd1 Red8 15.Bg5 Ne7 16.Qe3 Rac8
17.Rd3 Ne8 18.Qd2 f6 19.Be3 Bc6 20.h4 Bd7 21.Kh2 Be6 22.Bh3 f5 23.Bg5 Bf6
24.h5 Qd7 25.Nd5 Bxd5 26.exd5 Bxg5 27.Qxg5 Rxc2 28.Re1 Kf7 29.Rf3 Nf6 30.g4 gxh5
31.gxh5 Rg8 32.Qh6 Rc4 33.Rg1 Rh4 34.Rxg8 Nexg8 35.Qg5 Rxh5 36.Qxh5+ Nxh5
37.Rxf5+ Kg6 38.Rg5+ Kxg5 39.Bxd7 Ne7 40.Bc6 Nf6 41.Nc3 Kf4 42.Bb7 b4 43.axb4 e4
44.Kg2 Ke5 45.Bxa6 Nfxd5 46.b5 Nb6 47.Ne2 d5 48.Bb7 Nf5 49.Bc6 h6 50.Kh3 h5
51.Be8 Ng7 52.Bg6 Kf6 53.Bh7 Kg5 54.Nd4 h4 55.Bg8 Nf5 56.Ne6+ Kf6 57.Nc5 Ke5
58.Bh7 Nd6 59.Kxh4 Kf4 60.Bg6 Kf3 61.Kg5 Kxf2 62.Kf4 e3 63.Nd3+ Ke2 64.Ke5 Nxb5
65.Nf4+ Kd2 66.Bd3 Na7 67.Kd6 d4 68.b4 Kc3 69.b5 Nc4+ 70.Kc5 Ne5 71.Bf1 Nd7+
72.Kd6 Nf6 73.b6 Nc8+ 74.Kc7 Nxb6 75.Kxb6 Ne4 76.Ne2+ Kc4 77.Nf4+ Kb4 78.Kc6 Ng3
79.Ba6 Kc3 80.Kd5 Kd2 81.Kxd4  1/2-1/2

[Event "Corporation Centre Cup"]
[Site "Izhevsk RUS"]
[Date "2010.07.15"]
[Round "1"]
[White "Filipenko,A"]
[Black "Zaynutdinov,I"]
[Result "1-0"]
[WhiteElo "2344"]
[BlackElo "1998"]

1.e4 d6 2.d4 Nf6 3.Nc3 c6 4.f4 Qa5 5.Bd3 e5 6.Nf3 Nbd7 7.O-O Be7 8.Kh1 O-O
9.Qe1 Qc7 10.h3 b5 11.fxe5 dxe5 12.dxe5 Nxe5 13.Nxe5 Qxe5 14.Bf4 Qh5 15.e5 Nd7
16.Be4 Bb7 17.Nxb5 f6 18.e6 Nc5 19.Bf3 Qg6 20.Nd4 Rac8 21.b4 Na4 22.b5 Bc5
23.Nxc6 a6 24.Ne7+ Bxe7 25.Bxb7 Rc4 26.bxa6 Nc5 27.Bd5 Ra4 28.Bd6 Rd8 29.Bxc5 Rxd5
30.Bxe7 Rg5 31.Qd2  1-0

[Event "Canadian Open"]
[Site "Toronto CAN"]
[Date "2010.07.15"]
[Round "6"]
[White "Noritsyn,N"]
[Black "Gagunashvili,M"]
[Result "1/2-1/2"]
[WhiteElo "2401"]
[BlackElo "2596"]

1.e4 d6 2.d4 Nf6 3.Nc3 e5 4.Nf3 Nbd7 5.Bc4 Be7 6.O-O O-O 7.Re1 a6 8.a4 b6
9.Nd5 Bb7 10.Nxe7+ Qxe7 11.Bd3 Rfe8 12.d5 h6 13.Nh4 Nc5 14.Nf5 Qf8 15.Qf3 Nh7
16.b4 Nxd3 17.cxd3 c6 18.dxc6 Bxc6 19.Be3 b5 20.axb5 axb5 21.Rxa8 Rxa8 22.d4 Ng5
23.Bxg5 hxg5 24.Qc3 Bd7 25.dxe5 dxe5 26.h3 Bxf5  1/2-1/2

[Event "Corporation Centre Cup"]
[Site "Izhevsk RUS"]
[Date "2010.07.16"]
[Round "2"]
[White "Kozionov,S"]
[Black "Orekhov,V"]
[Result "1-0"]
[WhiteElo "2039"]
[BlackElo "1825"]

1.e4 d6 2.d4 Nf6 3.Nc3 e5 4.Nf3 Nbd7 5.Bc4 Be7 6.O-O O-O 7.a4 c6 8.Ba2 Qc7
9.b4 b6 10.Ba3 Bb7 11.Re1 a6 12.Nh4 g6 13.f4 exd4 14.Qxd4 Nh5 15.Nf3 Nxf4
16.e5 dxe5 17.Nxe5 Bf6 18.Qxf4 Bxe5 19.Rxe5 Qxe5 20.Qxe5 Nxe5 21.Ne4 c5 22.Nd6 cxb4
23.Bb2 Bc8 24.Bxe5 Be6 25.Ne4 Rfc8 26.Nf6+ Kf8 27.Bxe6 fxe6 28.Nd7+ Ke7 29.Nxb6 Rc5
30.Bf6+ Kd6 31.Nxa8 a5 32.Nb6 Rxc2 33.Rd1+ Kc5 34.Bd4+ Kc6 35.Nc8 Kd7 36.Na7 b3
37.Rb1 Rc4 38.Be5 Rb4 39.Bc3 Rxa4 40.Rxb3 Kd6 41.Rb5  1-0

[Event "33rd Taminco Open"]
[Site "Ghent BEL"]
[Date "2010.07.17"]
[Round "1"]
[White "Carlier,Sven"]
[Black "Decoster,F"]
[Result "0-1"]
[WhiteElo "1745"]
[BlackElo "2260"]

1.e4 d6 2.d4 Nf6 3.Nc3 c6 4.f4 Qa5 5.Bd3 e5 6.dxe5 dxe5 7.fxe5 Ng4 8.Nf3 Bc5
9.Qe2 Qc7 10.Bd2 Nd7 11.Na4 Bf2+ 12.Kd1 Bb6 13.Rf1 Ndxe5 14.h3 Nxf3 15.gxf3 Ne5
16.Nxb6 axb6 17.Rg1 f6 18.f4 Nxd3 19.cxd3 Be6 20.a3 Bb3+ 21.Ke1 O-O 22.f5 Rad8
23.Rc1 Kh8 24.Rg4 Rfe8 25.Bf4 Qd7 26.Rc3 Bg8 27.h4 Qf7 28.Qg2 Rd7 29.Rg6 Qd5
30.Kf1 Qb5 31.Rg3 Red8 32.Qe2 c5 33.h5 h6 34.Qd2 Bh7 35.Ke2 Re7 36.Kf3 Qe8
37.Qe2 Bg8  0-1

[Event "2nd Open"]
[Site "Rethymno GRE"]
[Date "2010.07.17"]
[Round "6"]
[White "Schut,Ha"]
[Black "Lorscheid,G"]
[Result "0-1"]
[WhiteElo "2131"]
[BlackElo "2326"]

1.e4 d6 2.d4 Nf6 3.Nc3 e5 4.Nf3 Nbd7 5.g4 Nxg4 6.Rg1 Ngf6 7.Be3 g6 8.Qd2 c6
9.O-O-O Qe7 10.Kb1 Bg7 11.d5 c5 12.Be2 a6 13.a4 b6 14.Qe1 h5 15.Ng5 Nh7 16.h4 Nxg5
17.hxg5 Kd8 18.Na2 Ke8 19.f3 Nf8 20.Qc3 f5 21.gxf6 Bxf6 22.Qd2 Bd7 23.b3 b5
24.axb5 axb5 25.b4 c4 26.Nc3 Kf7 27.Rdf1 Ke8 28.Kb2 h4 29.Ra1 Rxa1 30.Rxa1 h3
31.Bf1 Kf7 32.Ne2 Nh7 33.Ng3 Bg5 34.Ra7 Bxe3 35.Qxe3 Nf8 36.Nh1 Kg8 37.Qg1 Rh7
38.Nf2 h2 39.Qg2 Qh4 40.Nh1 Qe1 41.Ra8 Qxb4+ 42.Kc1 Rg7 43.Nf2 Qe1+ 44.Kb2 Qxf2  0-1

[Event "25th Touraine Open"]
[Site "Avoine FRA"]
[Date "2010.07.18"]
[Round "2"]
[White "Galdunts,S"]
[Black "Carvallo,H"]
[Result "1/2-1/2"]
[WhiteElo "2459"]
[BlackElo "2133"]

1.e4 d6 2.d4 Nf6 3.Nc3 e5 4.Nf3 Nbd7 5.Bc4 Be7 6.O-O O-O 7.Re1 b6 8.a4 a6
9.h3 c6 10.b3 Qc7 11.Bd3 Bb7 12.Bb2 Rfe8 13.Ne2 Bf8 14.Ng3 g6 15.c4 a5 16.Qd2 Bg7
17.Rad1 Rad8 18.Bc2 Nf8 19.Qc1 N6d7 20.Qa1 Ne6 21.Ne2 c5 22.dxe5 dxe5 23.Nc3 Nd4
24.Nxd4 cxd4 25.Nd5 Bxd5 26.exd5 Nc5 27.Qb1 Qd6 28.Re2 Re7 29.Rde1 Rde8 30.Qd1 Qf6
31.Be4 Qd6 32.Bc2 Qf6 33.Ba3 Qd6 34.Bb2 Qf6  1/2-1/2

[Event "Helmut Kohls It"]
[Site "Dortmund GER"]
[Date "2010.07.18"]
[Round "3"]
[White "Mladenov,Sv"]
[Black "Klyuner,V"]
[Result "0-1"]
[WhiteElo "2463"]
[BlackElo "2443"]

1.e4 d6 2.d4 Nf6 3.Nc3 c6 4.Nf3 g6 5.h3 Bg7 6.Be3 O-O 7.a4 a5 8.Be2 Nbd7
9.Nd2 d5 10.e5 Ne8 11.f4 f6 12.Nf3 Nc7 13.h4 h5 14.Bd3 f5 15.g4 fxg4 16.Bxg6 gxf3
17.Qxf3 Nxe5 18.dxe5 Bg4 19.Qf2 Bxe5 20.Rg1 Bg7 21.Qg3 Ne6 22.f5 Rf6 23.Ne2 Rxg6
24.fxg6 Qe8 25.Qg2 Bxb2 26.Rb1 Bf6 27.Rxb7 Qxg6 28.Kd2 d4 29.Bf4 Nc5 30.Rc7 d3
31.Rxc6 Ne4+ 32.Ke3 dxe2 33.Qxe4 Qxe4+ 34.Kxe4 Bxh4 35.Bd2 Rd8 36.Bxa5 Rd1
37.Rg6+ Kf7 38.R6xg4 hxg4 39.Rxg4 Bf6 40.c4 e1=Q+ 41.Bxe1 Rxe1+ 42.Kd5 e5
43.c5 Rd1+ 44.Kc4 Ke6 45.a5 Rc1+ 46.Kb5 Kd5 47.a6 Rb1+  0-1

[Event "Corporation Centre Cup"]
[Site "Izhevsk RUS"]
[Date "2010.07.18"]
[Round "4"]
[White "Predke,A"]
[Black "Dzhumaev,M"]
[Result "1/2-1/2"]
[WhiteElo "2425"]
[BlackElo "2484"]

1.e4 d6 2.d4 Nf6 3.Nc3 c6 4.g3 e5 5.Nge2 Nbd7 6.Bg2 b5 7.a3 Be7 8.O-O O-O
9.f4 Bb7 10.h3 a5 11.Re1 b4 12.Nb1 Re8 13.b3 Bf8 14.Nd2 Qb6 15.Nc4 Qc7 16.axb4 axb4
17.Rxa8 Bxa8 18.Bb2 exd4 19.Nxd4 d5 20.exd5 Rxe1+ 21.Qxe1 cxd5 22.Ne3 h5
23.Qa1 Bb7 24.Ndf5 Qb6 25.Bd4 Qe6 26.Kh2 g6 27.Nh4 Ne4 28.Nf3 Bd6 29.Qa5 Bc6
30.Ng5 Nxg5 31.Qd8+ Bf8 32.Qxg5 Be7 33.Qh6 Bf6 34.f5 gxf5 35.Bxf6 Nxf6 36.Qg5+ Kf8
37.Nxf5 Qe5 38.Qh6+ Ke8 39.Nh4 Bd7 40.Nf3 Qc3 41.Qf4 Ne4 42.Ne5 Be6 43.Bxe4 dxe4
44.Qxe4 Kf8 45.Nf3 Kg8 46.g4 hxg4 47.hxg4 Qc7+ 48.Kh3 Qc3 49.Kh4 Qf6+ 50.Kg3 Qc3
51.g5 Qc7+ 52.Kf2 Qc5+ 53.Nd4 Kg7 54.Ke2 Bd7 55.Qf4 Kg8 56.Qe3 Qd5 57.Kd2 Bf5
58.c4 bxc3+ 59.Kxc3 Qc5+ 60.Kb2 Bg6 61.Qf4 Qb4 62.Qe5 Qd2+ 63.Ka3 Bd3 64.Nf5 Qc1+
65.Ka4 Qc6+ 66.Kb4 Qb6+ 67.Kc3 Bxf5 68.Qxf5 Qe3+ 69.Kc4 Qe2+ 70.Kd4 Qb2+
71.Kc4 Qe2+ 72.Qd3 Qg4+ 73.Qd4 Qxg5 74.b4 Qc1+ 75.Kd5 Qb1 76.Qc5 Qd3+ 77.Ke5 Qg3+
78.Kf6 Qh4+ 79.Ke5 Qg5+ 80.Kd6 Qd8+ 81.Kc6 Qc8+ 82.Kb6 Qb8+ 83.Kc6 Qc8+ 84.Kb5 Qb7+
85.Kc4 Qe4+ 86.Qd4 Qxd4+ 87.Kxd4 Kf8 88.b5 Ke7 89.Kc5 Kd7 90.Kb6 f5 91.Ka7 f4
92.b6 f3 93.b7 f2 94.b8=Q f1=Q 95.Qb7+ Kd6 96.Qa6+ Qxa6+ 97.Kxa6  1/2-1/2

[Event "Corporation Centre Cup"]
[Site "Izhevsk RUS"]
[Date "2010.07.18"]
[Round "4"]
[White "Galimzianova,A"]
[Black "Orekhov,V"]
[Result "0-1"]
[WhiteElo "1919"]
[BlackElo "1825"]

1.e4 d6 2.d4 Nf6 3.Nc3 e5 4.Nf3 Nbd7 5.g3 g6 6.Bg2 Bg7 7.O-O O-O 8.h3 exd4
9.Nxd4 Re8 10.Re1 Nc5 11.Nb3 Ne6 12.Nd5 Nxd5 13.exd5 Nf8 14.c3 Bd7 15.Rxe8 Qxe8
16.Bf4 Ba4 17.Qd2 Bxb3 18.axb3 a5 19.c4 b6 20.Re1 Qd7 21.Qe2 Bf6 22.h4 h5
23.Kh2 Nh7 24.Bh3 Qd8 25.Bc1 Bg7 26.f4 Nf8 27.f5 Be5 28.Bg5 Qe8 29.Bf4 f6
30.Qf3 Kg7 31.Rg1 Kh8 32.g4 g5 33.hxg5 fxg5 34.Bxe5+ Qxe5+ 35.Kh1 h4 36.Qf2 Re8
37.f6 Qe3 38.Qxe3 Rxe3 39.Bg2 Kg8 40.Rd1 Kf7 41.b4 h3 42.Bf3 axb4 43.Kh2 Ng6
44.Kxh3 Ne5 45.Kg2 Nxc4 46.Rc1 b5 47.Kf2 Rb3  0-1

[Event "Andorra Open"]
[Site "La Massana AND"]
[Date "2010.07.18"]
[Round "2"]
[White "Shytaj,L"]
[Black "Silva Rodriguez,F"]
[Result "1-0"]
[WhiteElo "2466"]
[BlackElo "2115"]

1.e4 d6 2.d4 Nf6 3.Nc3 Nbd7 4.f4 e5 5.Nf3 exd4 6.Qxd4 c6 7.Bd2 d5 8.exd5 Bc5
9.Qd3 Qe7+ 10.Be2 Ng4 11.Ne4 Ndf6 12.Nxc5 Qxc5 13.Qd4 Qxd4 14.Nxd4 Nxd5 15.O-O O-O
16.Bf3 Nge3 17.Rfe1 Nc4 18.Bc1 Bd7 19.b3 Ncb6 20.c4 Nc7 21.a4 Ne6 22.Nxe6 Bxe6
23.a5 Nd7 24.a6 bxa6 25.Bxc6 Rad8 26.Ba3 Rfe8 27.Rad1 f5 28.Rxe6 Rxe6 29.Bxd7 Ree8
30.c5  1-0

[Event "5th Nana Aleksandria Cup"]
[Site "Poti GEO"]
[Date "2010.07.18"]
[Round "8"]
[White "Nigalidze,G"]
[Black "Shanava,K"]
[Result "0-1"]
[WhiteElo "2478"]
[BlackElo "2556"]

1.d4 d6 2.e4 Nf6 3.Nc3 e5 4.dxe5 dxe5 5.Qxd8+ Kxd8 6.Bc4 Be6 7.Bxe6 fxe6
8.Nf3 Nc6 9.Bg5 a6 10.O-O-O+ Bd6 11.h3 Ke7 12.a3 b5 13.Be3 Rhb8 14.Nd2 a5
15.Ne2 a4 16.f3 Na5 17.f4 Nd7 18.fxe5 Nxe5 19.Bg5+ Ke8 20.Nd4 b4 21.Nb1 Nac4
22.Nxe6 Kf7 23.Nd4 bxa3 24.bxa3 Nxa3 25.Nxa3 Bxa3+ 26.Kd2 Bb2 27.c3 a3 28.Rhf1+ Kg8
29.Bf4 Ng6 30.Bxc7 Rc8 31.Bd6 a2 32.Nb3 Rxc3 33.Na1 Rd8 34.e5 Nxe5 35.Ke2 Bxa1  0-1

[Event "2nd Open"]
[Site "Rethymno GRE"]
[Date "2010.07.18"]
[Round "7"]
[White "Iordachescu,V"]
[Black "Svetushkin,D"]
[Result "1/2-1/2"]
[WhiteElo "2623"]
[BlackElo "2560"]

1.e4 d6 2.d4 Nf6 3.Nc3 e5 4.dxe5 dxe5 5.Qxd8+ Kxd8 6.Bc4 Ke8 7.Nf3 Bd6 8.Bg5 Nbd7
9.O-O-O a6 10.a4 h6 11.Bh4 Kf8 12.Rhe1 g6 13.Nd5  1/2-1/2